00393nam a2200157Ia 4500003000400000008004100004040001600045082001300061100002200074245003800096260003000134300001000164490002400174650001500198650002200213GCL140319s9999 xx 000 0 eng d aGCL / cGCL04a843bB P1 aDE BALZAC, HONORE10aLES PAYSANS / cDE BALZAC, HONORE a[S.N] : bFOLIO ، c1993 a495 P aCOLLECTION FOLIOv004aLITERATURE04aFRENCH LITERATURE